Very Difficult Flags #7 - Statistics

General Stats
  • This quiz has been taken 125 times
  • The average score is 6 of 16
Answer Stats
Picture Answer % Correct
Mongolia
95%
United Arab Emirates
92%
US Virgin Islands
86%
Ohio
74%
Sardinia
66%
South Georgia and the South Sandwich Islands
49%
Alberta
33%
Kashmir
27%
Hamburg
26%
Puntland
26%
Jakarta
19%
Barbuda
15%
The Earth
13%
Helsinki
11%
St. Louis
10%
Seward
5%
No matching quizzes found
Score Distribution
Percent of People with Each Score
Percentile by Number Answered
Your Score History
You have not taken this quiz